<?xml version="1.0" encoding="UTF-8"?>
<collection xmlns="http://www.loc.gov/MARC21/slim">
 <record>
  <leader>00631pamaa2200157   4500</leader>
  <controlfield tag="001">0000022120</controlfield>
  <controlfield tag="005">20070104090000.0</controlfield>
  <datafield tag="020" ind1="0" ind2="0">
   <subfield code="a">0948238135 (hard) </subfield>
  </datafield>
  <datafield tag="090" ind1="0" ind2="0">
   <subfield code="a">PG3286 </subfield>
   <subfield code="b">TER 1991</subfield>
  </datafield>
  <datafield tag="245" ind1="0" ind2="4">
   <subfield code="a">The TERRIBLE news : </subfield>
   <subfield code="b">Russian stories from the years following the revolution  </subfield>
   <subfield code="c">collected and translated by Grigori Gerenstein with an introduction by John Bayley.</subfield>
  </datafield>
  <datafield tag="260" ind1="0" ind2="0">
   <subfield code="a">London: </subfield>
   <subfield code="b">Black Spring Press, </subfield>
   <subfield code="c">1991.</subfield>
  </datafield>
  <datafield tag="300" ind1=" " ind2=" ">
   <subfield code="a">xx, 165p.; </subfield>
   <subfield code="c">22cm.</subfield>
  </datafield>
  <datafield tag="650" ind1="0" ind2="0">
   <subfield code="a">Short stories, Russian -- </subfield>
   <subfield code="x">Translations into English </subfield>
  </datafield>
  <datafield tag="651" ind1="0" ind2="0">
   <subfield code="a">Soviet Union -- </subfield>
   <subfield code="x">Social life and customs -- </subfield>
   <subfield code="x">Fiction </subfield>
  </datafield>
  <datafield tag="700" ind1="1" ind2="1">
   <subfield code="a">GERENSTEIN, </subfield>
   <subfield code="h">Grigori </subfield>
  </datafield>
  <datafield tag="700" ind1="1" ind2="1">
   <subfield code="a">BAYLEY, </subfield>
   <subfield code="h">John </subfield>
  </datafield>
 </record>
</collection>
